[Event "POL-ch Universities (Women)"]
[Site "Lublin"]
[Date "2024.02.24"]
[Round "9"]
[White "Rykala, Monika"]
[Black "Kucharska, Honorata"]
[Result "1/2-1/2"]
[WhiteElo "1893"]
[BlackElo "2137"]
[PlyCount "122"]
[EventDate "2024.02.22"]
[EventType "swiss"]
[EventRounds "9"]
[EventCountry "POL"]
[SourceTitle "CB10_2024"]
[SourceDate "2024.03.06"]
[SourceVersion "1"]
[SourceVersionDate "2024.03.06"]
[SourceQuality "1"]

1. d4 Nf6 2. Nf3 e6 3. Bf4 c5 4. e3 d6 5. c3 Nbd7 6. Nbd2 cxd4 7. exd4 Be7 8. Be2 0-0 9. h3 Re8 10. 0-0 Bf8 11. Re1 e5 12. dxe5 dxe5 13. Bg5 Qc7 14. Bb5 a6 15. Bxf6 axb5 16. Bh4 b6 17. Bg3 Bb7 18. Qe2 Qc6 19. Qe4 Qxe4 20. Nxe4 f5 21. Ned2 f4 22. Bh2 e4 23. Nd4 Nc5 24. Nxb5 Rad8 25. Nb3 Nd3 26. Re2 e3 27. fxe3 f3 28. Rd2 f2+ 29. Rxf2 Nxf2 30. Kxf2 Re6 31. N5d4 Rf6+ 32. Kg1 Rg6 33. g3 Bd6 34. g4 Bxh2+ 35. Kxh2 Rf6 36. Kg3 Rdf8 37. Rd1 g6 38. Nd2 Rf2 39. Nc4 Rg2+ 40. Kh4 h6 41. Nd6 Bd5 42. c4 Bf7 43. Nxf7 Rxf7 44. Ne6 Re7 45. Nf4 g5+ 46. Kh5 gxf4 47. exf4 Kg7 48. f5 Rxb2 49. Rd6 Rf7 50. h4 Rb4 51. Rg6+ Kf8 52. Rc6 Kg7 53. Rg6+ Kf8 54. Rxh6 Rxc4 55. Rxb6 Rh7+ 56. Kg6 Rg7+ 57. Kf6 Rf7+ 58. Kg5 Rg7+ 59. Kf6 Rf7+ 60. Kg5 Rg7+ 61. Kf6 Rf7+ 1/2-1/2

[Event "POL-ch Universities (Women)"]
[Site "Lublin"]
[Date "2024.02.23"]
[Round "3"]
[White "Michalska, Aleksandra"]
[Black "Kucharska, Honorata"]
[Result "1-0"]
[WhiteElo "1812"]
[BlackElo "2137"]
[PlyCount "139"]
[EventDate "2024.02.22"]
[EventType "swiss"]
[EventRounds "9"]
[EventCountry "POL"]
[SourceTitle "CB10_2024"]
[SourceDate "2024.03.06"]
[SourceVersion "1"]
[SourceVersionDate "2024.03.06"]
[SourceQuality "1"]

1. e4 c5 2. Nc3 Nc6 3. Bb5 e6 4. Bxc6 bxc6 5. f4 d5 6. d3 d4 7. Nce2 Nf6 8. b3 Be7 9. Nf3 0-0 10. h3 Nd7 11. 0-0 a5 12. a4 Nf6 13. Bd2 Qc7 14. Qe1 Nd7 15. Ng3 Kh8 16. e5 f5 17. exf6 Nxf6 18. Ne5 Bd7 19. Ne4 Nxe4 20. Qxe4 Bf6 21. Rae1 Be8 22. g4 Kg8 23. g5 Be7 24. Kg2 Bd6 25. Rf3 Rf5 26. Nc4 Bf7 27. h4 g6 28. Ref1 Bf8 29. Qe1 e5 30. Nxe5 Bd5 31. Nc4 Bg7 32. Kg3 Bxf3 33. Rxf3 Raf8 34. Qe6+ Kh8 35. Bxa5 Qb8 36. Bd2 Qc7 37. Qd6 Qc8 38. Qe7 Re8 39. Qa7 Qe6 40. Rf2 Rf7 41. Qxc5 Rf5 42. Qd6 Qf7 43. Qxc6 Qf8 44. Qd6 Rd8 45. Qxf8+ Bxf8 46. a5 Ra8 47. Nb6 Ra6 48. Nd7 Bd6 49. Nf6 h6 50. Ne4 Bc7 51. b4 hxg5 52. hxg5 Kg7 53. Kg4 Ra8 54. Nc5 Bd6 55. Ne6+ Kg8 56. Nxd4 Rf7 57. c4 Bc7 58. Ne6 Bd6 59. c5 Bf8 60. Nxf8 Rfxf8 61. Rf3 Rfd8 62. Bc3 Rd5 63. d4 Kf7 64. f5 gxf5+ 65. Rxf5+ Ke6 66. Rf6+ Ke7 67. b5 Rg8 68. Rf5 Rdd8 69. Re5+ Kf7 70. a6 1-0

[Event "Worclaw Litwinska Memorial KO"]
[Site "Wroclaw"]
[Date "2023.12.17"]
[Round "1.1"]
[White "Maltsevskaya, Aleksandra"]
[Black "Kucharska, Honorata"]
[Result "1-0"]
[WhiteElo "2384"]
[BlackElo "2143"]
[PlyCount "93"]
[EventDate "2023.12.17"]
[EventType "k.o. (rapid)"]
[EventRounds "4"]
[EventCountry "POL"]
[SourceTitle "CB52_2023"]
[SourceDate "2023.12.27"]
[SourceVersion "1"]
[SourceVersionDate "2023.12.27"]
[SourceQuality "1"]

1. e4 e6 2. d4 d5 3. Nc3 Bb4 4. e5 Qd7 5. Bd2 b6 6. Qg4 Bf8 7. h4 Ba6 8. Bxa6 Nxa6 9. h5 h6 10. Nf3 0-0-0 11. Qf4 g5 12. hxg6 fxg6 13. 0-0-0 Bg7 14. Ne2 g5 15. Qe3 Ne7 16. Qa3 Kb7 17. Ng3 Rc8 18. Nh5 Ng6 19. Qd3 Qf7 20. Kb1 Ne7 21. Nxg7 Qxg7 22. Nh2 c5 23. Ng4 cxd4 24. Nf6 Ng8 25. Qxd4 Nxf6 26. exf6 Qc7 27. c3 Nc5 28. f3 Rcd8 29. Rde1 Qd6 30. Ka1 Nd7 31. f4 gxf4 32. Bxf4 Qc6 33. f7 Rhf8 34. Qg7 Nc5 35. Rxh6 Qd7 36. Rh7 Nd3 37. Rf1 Qb5 38. c4 dxc4 39. Bh6 c3 40. Qxc3 Nc5 41. Rb1 Rd3 42. Qc2 Nb3+ 43. Qxb3 Rxb3 44. Bxf8 Qf5 45. Bb4 Qxh7 46. f8Q Ka6 47. axb3 1-0

[Event "POL-chT 1st League"]
[Site "Leba"]
[Date "2023.09.27"]
[Round "5.8"]
[White "Kucharska, Honorata"]
[Black "Czarnecka, Lidia"]
[Result "1/2-1/2"]
[WhiteElo "2197"]
[BlackElo "2048"]
[PlyCount "54"]
[EventDate "2023.09.23"]
[EventType "team-swiss"]
[EventRounds "9"]
[EventCountry "POL"]
[SourceTitle "EXT 2024"]
[Source "ChessBase"]
[SourceDate "2023.10.10"]
[SourceVersion "1"]
[SourceVersionDate "2023.10.10"]
[SourceQuality "1"]
[WhiteTeam "Rybnik"]
[BlackTeam "Wieliczka MKS MOS"]
[WhiteTeamCountry "POL"]
[BlackTeamCountry "POL"]

1. e4 c5 2. Nc3 a6 3. g3 b5 4. Bg2 Bb7 5. d3 e6 6. Nf3 d6 7. 0-0 Nf6 8. a4 b4 9. Nb1 Be7 10. Re1 0-0 11. Nbd2 Nc6 12. Nf1 Qc7 13. h4 Rfd8 14. N1h2 Nd7 15. Qe2 Nde5 16. Bd2 Bf6 17. c3 a5 18. Nxe5 dxe5 19. Be3 Be7 20. Nf3 Rd7 21. Red1 Ba6 22. c4 Rf8 23. b3 Bc8 24. Bc1 Nd4 25. Nxd4 Rxd4 26. Bb2 Rd7 27. Rd2 Rfd8 1/2-1/2

[Event "Warsaw Szansa blitz op"]
[Site "Warsaw"]
[Date "2023.09.16"]
[Round "5"]
[White "Kucharska, Honorata"]
[Black "Czernek, Tymon"]
[Result "1-0"]
[WhiteElo "2197"]
[BlackElo "2332"]
[PlyCount "81"]
[EventDate "2023.09.16"]
[EventType "swiss (blitz)"]
[EventRounds "13"]
[EventCountry "POL"]
[SourceTitle "EXT 2024"]
[Source "ChessBase"]
[SourceDate "2023.10.10"]
[SourceVersion "1"]
[SourceVersionDate "2023.10.10"]
[SourceQuality "1"]

1. e4 c5 2. Nf3 d6 3. d4 cxd4 4. Nxd4 Nf6 5. Nc3 a6 6. Be2 e5 7. Nb3 Be7 8. 0-0 0-0 9. Be3 Be6 10. a4 Nbd7 11. a5 Qc7 12. Re1 Rac8 13. Bf3 Rfd8 14. h3 h6 15. Re2 Nc5 16. Nxc5 dxc5 17. Rd2 Rxd2 18. Qxd2 Rd8 19. Qe1 Rd7 20. Na4 Qc6 21. Nb6 Rd8 22. Bd2 Bd6 23. Bc3 Bc7 24. Rd1 Rxd1 25. Qxd1 Nxe4 26. Qe1 f5 27. Bxe4 fxe4 28. Qe3 Bd8 29. Bxe5 Bg5 30. Qc3 e3 31. fxe3 c4 32. Qd4 Qb5 33. Qc3 Qc5 34. Bd4 Qf5 35. Nxc4 Qe4 36. Nd2 Qd5 37. Nf3 Be7 38. Bxg7 Bxh3 39. Bxh6 Bf8 40. Bxf8 Kxf8 41. Qf6+ 1-0

[Event "Bucharest Queens"]
[Site "Bucharest"]
[Date "2023.08.26"]
[Round "7"]
[White "Toncheva, Nadya"]
[Black "Kucharska, Honorata"]
[Result "1-0"]
[WhiteElo "2253"]
[BlackElo "2204"]
[PlyCount "49"]
[EventDate "2023.08.22"]
[EventType "tourn"]
[EventRounds "9"]
[EventCountry "ROU"]
[SourceTitle "CBM 215 Extra"]
[Source "ChessBase"]
[SourceDate "2023.09.30"]
[SourceVersion "1"]
[SourceVersionDate "2023.09.30"]
[SourceQuality "1"]

1. e4 d6 2. d4 Nf6 3. Nc3 e5 4. Nf3 Nbd7 5. Bc4 Be7 6. h3 0-0 7. Be3 c6 8. a4 a5 9. 0-0 Qc7 10. Qe2 exd4 11. Nxd4 Nc5 12. Bf4 Ne6 13. Nxe6 fxe6 14. Bg3 Kh8 15. e5 Nd5 16. exd6 Bxd6 17. Ne4 Bf4 18. Rad1 Bd7 19. Bxf4 Rxf4 20. g3 Rf5 21. c3 Raf8 22. Bd3 Nf6 23. Bc2 c5 24. Nxf6 R5xf6 25. Qd3 1-0

[Event "Bucharest Queens"]
[Site "Bucharest"]
[Date "2023.08.22"]
[Round "1"]
[White "Kucharska, Honorata"]
[Black "Doluhanova, Evgeniya"]
[Result "1/2-1/2"]
[WhiteElo "2204"]
[BlackElo "2260"]
[PlyCount "79"]
[EventDate "2023.08.22"]
[EventType "tourn"]
[EventRounds "9"]
[EventCountry "ROU"]
[SourceTitle "CBM 215 Extra"]
[Source "ChessBase"]
[SourceDate "2023.09.30"]
[SourceVersion "1"]
[SourceVersionDate "2023.09.30"]
[SourceQuality "1"]

1. e4 e5 2. Nf3 Nc6 3. d4 exd4 4. Nxd4 Nf6 5. Nxc6 bxc6 6. Qe2 d6 7. Nc3 Be7 8. Bf4 0-0 9. 0-0-0 Be6 10. f3 Nd7 11. g4 Rb8 12. h4 Qc8 13. Qa6 Qxa6 14. Bxa6 Bf6 15. g5 Bxc3 16. bxc3 Bxa2 17. Kd2 Nc5 18. Bd3 Rb2 19. Be3 Nxd3 20. Kxd3 Ra8 21. Ra1 d5 22. e5 Bc4+ 23. Kd2 a5 24. Ra3 Rb5 25. f4 Kf8 26. h5 Ke7 27. f5 Rg8 28. Bf4 Kd7 29. Rg1 Re8 30. g6 hxg6 31. hxg6 f6 32. exf6 gxf6 33. Rh1 Re2+ 34. Kc1 d4 35. cxd4 Rxf5 36. Rh7+ Re7 37. Rxe7+ Kxe7 38. Bxc7 Rg5 39. Rxa5 Rxg6 40. Rc5 1/2-1/2

[Event "Piestany op-A"]
[Site "Piestany"]
[Date "2023.07.11"]
[Round "1"]
[White "Kucharska, Honorata"]
[Black "Sahidi, Samir"]
[Result "0-1"]
[WhiteElo "2246"]
[BlackElo "2510"]
[PlyCount "54"]
[EventDate "2023.07.11"]
[EventType "swiss"]
[EventRounds "9"]
[EventCountry "SVK"]
[SourceTitle "EXT 2024"]
[Source "ChessBase"]
[SourceDate "2023.10.10"]
[SourceVersion "1"]
[SourceVersionDate "2023.10.10"]
[SourceQuality "1"]

1. d4 Nf6 2. c4 e6 3. Nc3 Bb4 4. e3 0-0 5. Bd3 c5 6. Nge2 d5 7. cxd5 exd5 8. dxc5 Nc6 9. 0-0 Bxc5 10. Ng3 Qe7 11. a3 Rd8 12. Nce2 h5 13. b4 Bd6 14. Bb2 g6 15. Re1 h4 16. Nf1 h3 17. g3 Bg4 18. Qb1 Ne4 19. Nc3 Nxc3 20. Bxc3 Be5 21. Bxe5 Nxe5 22. Nd2 d4 23. e4 Rac8 24. f4 Nxd3 25. Qxd3 Rc3 26. Qf1 Rc2 27. Qf2 Qc7 0-1

[Event "BL 2223 (Women)"]
[Site "Germany"]
[Date "2023.04.29"]
[Round "9.6"]
[White "Kucharska, Honorata"]
[Black "Van Foreest, Machteld"]
[Result "1/2-1/2"]
[WhiteElo "2179"]
[BlackElo "2118"]
[PlyCount "43"]
[EventDate "2022.10.15"]
[EventType "team-tourn"]
[EventRounds "11"]
[EventCountry "GER"]
[SourceTitle "EXT 2024"]
[Source "ChessBase"]
[SourceDate "2023.10.10"]
[SourceVersion "1"]
[SourceVersionDate "2023.10.10"]
[SourceQuality "1"]
[WhiteTeam "Hemer (W)"]
[BlackTeam "Solingen (W)"]
[WhiteTeamCountry "GER"]
[BlackTeamCountry "GER"]

1. d4 d5 2. c4 c6 3. Nf3 Nf6 4. Nc3 e6 5. e3 Bd6 6. Bd3 0-0 7. 0-0 Nbd7 8. e4 dxc4 9. Bxc4 b5 10. Bd3 e5 11. dxe5 Nxe5 12. Nxe5 Bxe5 13. h3 Re8 14. Be3 Qe7 15. Re1 Bb7 16. Qc2 Nh5 17. Bf1 Bc7 18. Rad1 a6 19. g3 Rad8 20. Bg2 Nf6 21. a3 h6 22. b4 1/2-1/2

[Event "Pobeskydy IM"]
[Site "Frydek Mistek"]
[Date "2023.04.09"]
[Round "7"]
[White "Stevik, Patrik1111"]
[Black "Kucharska, Honorata"]
[Result "0-1"]
[WhiteElo "2346"]
[BlackElo "2173"]
[PlyCount "104"]
[EventDate "2023.04.06"]
[EventType "tourn"]
[EventRounds "9"]
[EventCountry "CZE"]
[EventCategory "2"]
[SourceTitle "CBM 213 Extra"]
[Source "ChessBase"]
[SourceDate "2023.05.31"]
[SourceVersion "1"]
[SourceVersionDate "2023.05.31"]
[SourceQuality "1"]

1. d4 Nf6 2. c4 e6 3. Nf3 d5 4. Bg5 Be7 5. e3 0-0 6. Nc3 Nbd7 7. Be2 dxc4 8. Bxc4 a6 9. a4 c5 10. 0-0 cxd4 11. exd4 Nb6 12. Ba2 Nbd5 13. Qe2 h6 14. Bh4 Re8 15. Rfe1 Nf4 16. Qd2 Ng6 17. Bg3 Nd5 18. Rac1 Nxc3 19. bxc3 Bd7 20. d5 exd5 21. Bxd5 Bc6 22. c4 Bf6 23. Red1 Bxa4 24. Qb4 Bxd1 25. Rxd1 Qe7 26. Bd6 Qe2 27. Rb1 Rad8 28. c5 Ne7 29. Bxb7 Nf5 30. Qb6 Nxd6 31. cxd6 Qd3 32. Bxa6 Qxd6 33. Qxd6 Rxd6 34. Bf1 g6 35. g3 Ra8 36. Kg2 Rc8 37. h4 Rc2 38. Rb4 Rb2 39. Rc4 Kg7 40. Rc7 Bd8 41. Rc1 Bb6 42. Kh3 Rxf2 43. Ne5 Bd4 44. Nd3 Rd2 45. Ne1 Bf6 46. Nf3 Rf2 47. Bg2 h5 48. Rg1 Rd3 49. Nh2 Be5 50. Be4 Ra3 51. Bd5 f5 52. Nf1 Rxf1 0-1

[Event "Krakow op-A 33rd"]
[Site "Krakow"]
[Date "2022.12.29"]
[Round "3"]
[White "Klepek, Witold"]
[Black "Kucharska, Honorata"]
[Result "1/2-1/2"]
[WhiteElo "2216"]
[BlackElo "2180"]
[PlyCount "45"]
[EventDate "2022.12.27"]
[EventType "swiss"]
[EventRounds "9"]
[EventCountry "POL"]
[SourceTitle "CBM 212 Extra"]
[Source "ChessBase"]
[SourceDate "2023.03.31"]
[SourceVersion "1"]
[SourceVersionDate "2023.03.31"]
[SourceQuality "1"]

1. e4 e5 2. Nc3 Nf6 3. Bc4 Nc6 4. d3 Na5 5. Nge2 Nxc4 6. dxc4 d6 7. Ng3 Be6 8. Qd3 c6 9. Be3 Be7 10. Rd1 0-0 11. 0-0 Qd7 12. f3 Rfd8 13. Nd5 cxd5 14. cxd5 Qc7 15. dxe6 fxe6 16. c4 Rac8 17. Rc1 Qa5 18. a3 Rd7 19. Rfd1 Rdc7 20. b3 Qa6 21. Bg5 Rd7 22. Be3 Rdc7 23. Ra1 1/2-1/2

[Event "EU-ch Rapid"]
[Site "Katowice"]
[Date "2022.12.17"]
[Round "6"]
[White "Stefansson, Hannes"]
[Black "Kucharska, Honorata"]
[Result "1-0"]
[WhiteElo "2526"]
[BlackElo "2180"]
[PlyCount "95"]
[EventDate "2022.12.17"]
[EventType "swiss (rapid)"]
[EventRounds "11"]
[EventCountry "POL"]
[SourceTitle "CBM 211 Extra"]
[Source "ChessBase"]
[SourceDate "2023.01.31"]
[SourceVersion "1"]
[SourceVersionDate "2023.01.31"]
[SourceQuality "1"]

1. e4 e6 2. d4 d5 3. Nc3 Bb4 4. e5 Qd7 5. Qg4 f5 6. Qg3 b6 7. Nh3 Ba6 8. Bxa6 Nxa6 9. Nf4 0-0-0 10. a3 Bxc3+ 11. Qxc3 g5 12. Nd3 h6 13. b4 Nb8 14. h4 g4 15. h5 Ne7 16. a4 Qc6 17. Qb2 g3 18. f3 f4 19. Nxf4 Nf5 20. c3 Rde8 21. Qb3 Rh7 22. Ne2 Rg8 23. Bf4 Rhg7 24. b5 Qc4 25. Qxc4 dxc4 26. a5 bxa5 27. Rxa5 Kb7 28. Ra4 Nd7 29. Rxc4 Nb6 30. Rc6 Re7 31. Kd2 a6 32. Rc5 axb5 33. Rxb5 Kc6 34. Rc5+ Kb7 35. Ra1 Ree8 36. Kd3 Ra8 37. Rca5 Rxa5 38. Rxa5 Nd5 39. c4 Nb6 40. d5 Nh4 41. Bxg3 Nf5 42. Bf2 Rxg2 43. Bxb6 cxb6 44. Rb5 Rf2 45. Nd4 Nxd4 46. Kxd4 Rxf3 47. dxe6 Rf8 48. c5 1-0